00491 2200181 4500001002100000008004100021020002200062035002000084082000800104084001400112100002600126245007900152250000600231260003400237300001200271650001400283990001200297INLIS000000000001174 ind  a978-602-6878-63-2 a0010-0524000409 a574 a574 FEM k aAprilia Zaelani, Femi aKumpulan Soal dan Pembahasan Olimpiade BiologicFemi Aprilia Zaelani, S.Si a1 aTangerang :bPT. Kandelc2019 a124 hlm aNon Fiksi a0744936